[Event "BL 0708 Godesberger SK - SC Eppingen"]
[Site "?"]
[Date "2008.04.19"]
[Round "14.1"]
[White "Tiviakov, Sergei"]
[Black "Kasimdzhanov, Rustam"]
[Result "1/2-1/2"]
[WhiteElo "2643"]
[BlackElo "2690"]
[PlyCount "89"]
[EventDate "2008.??.??"]

1. e4 c6 2. d3 d5 3. Nd2 g6 4. g3 Bg7 5. Bg2 e5 6. Ngf3 Ne7 7. O-O O-O 8. b4 a5
9. bxa5 Qxa5 10. Bb2 Qc7 11. Re1 d4 12. c3 dxc3 13. Bxc3 c5 14. a4 Nbc6 15. Qb3
Be6 16. Qb5 Nd4 17. Bxd4 cxd4 18. Rec1 Nc6 19. Rab1 Ra7 20. Nc4 Bxc4 21. Rxc4
Rfa8 22. h4 Bf6 23. Bh3 Kg7 24. Nd2 Bd8 25. Bg4 Qe7 26. Bd1 Ba5 27. Nf3 Bc3 28.
Rxc6 bxc6 29. Qxe5+ f6 30. Qf4 Ra5 31. e5 fxe5 32. Qe4 Rc5 33. h5 Rf8 34. hxg6
hxg6 35. Nh2 {[%emt 0:00:00]} Bd2 36. Bf3 Rf7 37. Ng4 Ba5 38. Kg2 Qg5 39. Rb8
Bc7 40. Re8 Qf5 41. a5 Rxa5 42. Qxc6 Ra6 43. Qd5 Ra5 44. Qc6 Ra6 45. Qd5
1/2-1/2

[Event "BL 0708 Godesberger SK - SC Eppingen"]
[Site "?"]
[Date "2008.04.19"]
[Round "14.2"]
[White "Lutz, Christopher"]
[Black "Berkes, Ferenc"]
[Result "0-1"]
[WhiteElo "2588"]
[BlackElo "2606"]
[PlyCount "112"]
[EventDate "2008.??.??"]

1. e4 {[%emt 0:00:00]} c6 2. d4 d5 3. Nc3 dxe4 4. Nxe4 Bf5 5. Ng3 Bg6 6. h4 h6
7. Nf3 Nd7 8. h5 Bh7 9. Bd3 Bxd3 10. Qxd3 e6 11. Bf4 Qa5+ 12. Bd2 Bb4 13. c3
Be7 14. c4 Qc7 15. O-O-O Ngf6 16. Rde1 O-O 17. Kb1 Rad8 18. Qc2 Rfe8 19. Ne5
Nf8 20. Be3 c5 21. Ne2 cxd4 22. Bxd4 Bc5 23. Bxc5 Qxc5 24. Nc1 N8d7 25. Ncd3
Qa5 26. f4 Nxe5 27. Rxe5 Qc7 28. Qc3 b5 29. c5 Nd5 30. Qe1 Ne7 31. Nc1 Nc6 32.
Re4 Rd5 33. Qe3 Red8 34. g4 Na5 35. b3 Qxc5 36. Qxc5 Rxc5 37. Rhe1 Nc6 38. a3
a5 39. Na2 Rd2 40. R4e2 Rxe2 41. Rxe2 Nd4 42. Rd2 Kf8 43. b4 axb4 44. Nxb4 Ke7
45. Ka2 Rc4 46. Rf2 f6 47. Kb2 Kd6 48. Na2 Kc5 49. Nb4 Nc6 50. Nc2 Ne7 51. Ne3
Re4 52. Ng2 Nd5 53. Rc2+ Kd4 54. Rd2+ Kc4 55. Rf2 Kd3 56. Kb3 Re2 0-1

[Event "BL 0708 Godesberger SK - SC Eppingen"]
[Site "?"]
[Date "2008.04.19"]
[Round "14.3"]
[White "Balogh, Csaba"]
[Black "Kveinys, Aloyzas"]
[Result "1-0"]
[WhiteElo "2561"]
[BlackElo "2517"]
[PlyCount "129"]
[EventDate "2008.??.??"]

1. e4 c5 2. Nf3 e6 3. d4 cxd4 4. Nxd4 a6 5. Bd3 Nf6 6. O-O Qc7 7. Qe2 d6 8. c4
g6 9. Nc3 Bg7 10. Rd1 O-O 11. Nf3 Nc6 12. h3 Nd7 13. Be3 Bxc3 14. bxc3 f6 15.
Nh2 Nc5 16. Bc2 e5 17. Bxc5 dxc5 18. Nf1 Be6 19. Ne3 Rad8 20. Rab1 Rxd1+ 21.
Bxd1 Na5 22. Nd5 Bxd5 23. cxd5 Rd8 24. Qd3 h5 25. c4 Kg7 26. Qc3 Rd6 27. g3 b6
28. f4 Qe7 29. f5 Qe8 30. h4 gxf5 31. exf5 Qh8 32. Be2 Qh6 33. Kf2 Nb7 34. Qe3
Na5 35. Qxh6+ Kxh6 36. Ke3 Kg7 37. Kd3 Kh6 38. Kc3 Nb7 39. Bd1 Na5 40. Ba4 e4
41. Bc2 e3 42. a4 Kg7 43. Bd3 Nb7 44. Re1 Rd7 45. Rxe3 Nd6 46. Be4 a5 47. Bc2
Rd8 48. Bb1 Rd7 49. Bd3 Rd8 50. Re7+ Kf8 51. Rc7 Re8 52. Kd2 Ne4+ 53. Kc2 Nd6
54. Rc6 Ke7 55. Rxb6 Rg8 56. Rc6 Rxg3 57. Rxc5 Rg2+ 58. Kc3 Rg3 59. Rxa5 Nxf5
60. Ra7+ Kd6 61. Ra6+ Ke7 62. Re6+ Kf7 63. a5 Nxh4 64. a6 Rg1 65. c5 1-0

[Event "BL 0708 Godesberger SK - SC Eppingen"]
[Site "?"]
[Date "2008.04.19"]
[Round "14.4"]
[White "Likavsky, Tomas"]
[Black "Acs, Peter"]
[Result "1-0"]
[WhiteElo "2496"]
[BlackElo "2548"]
[PlyCount "118"]
[EventDate "2008.??.??"]

1. d4 d5 2. c4 c6 3. Nf3 Nf6 4. e3 Bg4 5. Nc3 e6 6. h3 Bxf3 7. Qxf3 Nbd7 8. Bd2
Bd6 9. g4 Bb4 10. Bd3 O-O 11. a3 Bxc3 12. Bxc3 dxc4 13. Bxc4 Nd5 14. Bd2 N5b6
15. Bb3 a5 16. O-O Qg5 17. a4 Qg6 18. Rfd1 f5 19. Qg2 Kh8 20. gxf5 Qxg2+ 21.
Kxg2 exf5 22. Rac1 h6 23. f3 Rf6 24. h4 Rd6 25. Kf2 Nd5 26. Rg1 N7f6 27. Rc5 b6
28. Rc2 Rad8 29. Bxd5 Nxd5 30. Rgc1 Rc8 31. Ke2 Re6 32. Kd3 Rf6 33. e4 fxe4+
34. fxe4 Ne7 35. Be3 Rd8 36. Rf2 Re6 37. Rcf1 Ng6 38. h5 Ne5+ 39. Kc3 Ng4 40.
Rf8+ Rxf8 41. Rxf8+ Kh7 42. Kd3 g6 43. Rf7+ Kg8 44. hxg6 Rxg6 45. Rb7 h5 46.
Rxb6 h4 47. Bf4 Rf6 48. Bb8 Nf2+ 49. Kc2 Ng4 50. Kd3 Nf2+ 51. Kc4 Nxe4 52. b4
Rf3 53. bxa5 Nd2+ 54. Kb4 Rb3+ 55. Kc5 Rc3+ 56. Kd6 Nc4+ 57. Ke6 Nxa5 58. Be5
Kh7 59. Rb1 Re3 {Rest nicht nachvollziehbar. Da beide Blitzen und ein
Mitschreiben nicht mehr moglich war.} 1-0

[Event "BL 0708 Godesberger SK - SC Eppingen"]
[Site "?"]
[Date "2008.04.19"]
[Round "14.5"]
[White "Guliyev, Namig"]
[Black "Jackelen, Thomas"]
[Result "0-1"]
[WhiteElo "2560"]
[BlackElo "2437"]
[PlyCount "96"]
[EventDate "2008.??.??"]

1. e4 e6 2. d4 d5 3. Nc3 dxe4 4. Nxe4 Nd7 5. Nf3 Ngf6 6. Nxf6+ Nxf6 7. Be3 Bd6
8. Bd3 b6 9. Qe2 Bb7 10. O-O-O Nd5 11. c4 Nxe3 12. fxe3 Qe7 13. Kb1 c5 14. Qc2
cxd4 15. exd4 Rc8 16. Ne5 Bxe5 17. dxe5 h6 18. Be4 O-O 19. Bxb7 Qxb7 20. Rd6
Rc5 21. Qe2 Rfc8 22. Rhd1 Qe7 23. Rd7 Qg5 24. Rxa7 Rxe5 25. Qf2 Qg6+ 26. Ka1
Rxc4 27. Qxb6 Rd5 28. Rf1 Qd3 29. Qg1 Rf4 30. Rc1 Qe2 31. Rc8+ Kh7 32. Qb1+ g6
33. Rc2 Rd2 34. Rxd2 Qxd2 35. g3 Rf2 36. a3 Kg7 37. Rc7 Re2 38. Rc1 Rxh2 39.
Rd1 Qf2 40. Rd3 Rg2 41. Ka2 Rxg3 42. a4 Rg1 43. Rf3 Qxf3 44. Qxg1 Qd5+ 45. Ka3
h5 46. Qg3 g5 47. b4 g4 48. a5 Qf3+ 0-1

[Event "BL 0708 Godesberger SK - SC Eppingen"]
[Site "?"]
[Date "2008.04.19"]
[Round "14.6"]
[White "Seul, Georg"]
[Black "Medvegy, Zoltan"]
[Result "0-1"]
[WhiteElo "2450"]
[BlackElo "2512"]
[PlyCount "79"]
[EventDate "2008.??.??"]

1. e4 c6 2. d4 d5 3. e5 Bf5 4. h4 Qb6 5. Nc3 h5 6. Be2 g6 7. Nh3 e6 8. O-O Bg4
9. Ng5 Bxe2 10. Nxe2 Nh6 11. Nf3 Nf5 12. Ng3 Na6 13. Nxf5 exf5 14. Bg5 Be7 15.
Bxe7 Kxe7 16. Qd2 Kf8 17. e6 f6 18. Rfe1 Re8 19. a4 Re7 20. a5 Qc7 21. Ra3 Kg7
22. Rae3 Rhe8 23. b3 Qd6 24. c4 Rxe6 25. c5 Qd7 26. Rxe6 Rxe6 27. Rxe6 Qxe6 28.
Qf4 Qe7 29. Kf1 Nc7 30. Ne1 Ne6 31. Qd2 Qc7 32. Nd3 Qh2 33. Qe3 Kf7 34. a6 bxa6
35. f4 Qh1+ 36. Kf2 Qxh4+ 37. Kg1 Qg4 38. Nb4 Nxf4 39. Qf3 Ne2+ 40. Kf2 0-1

[Event "BL 0708 Godesberger SK - SC Eppingen"]
[Site "?"]
[Date "2008.04.19"]
[Round "14.7"]
[White "Vogt, Lothar"]
[Black "Dranov, Alexander"]
[Result "0-1"]
[WhiteElo "2473"]
[BlackElo "2439"]
[PlyCount "132"]
[EventDate "2008.??.??"]

1. e4 c5 2. c3 d5 3. exd5 Qxd5 4. d4 Nf6 5. Nf3 e6 6. Be3 cxd4 7. cxd4 Be7 8.
Nc3 Qd6 9. Bd3 O-O 10. O-O Nc6 11. a3 Rd8 12. Qe2 b6 13. Rad1 Bb7 14. Rfe1 Rac8
15. Bg5 Qb8 16. Bc4 Re8 17. Ne5 Nxe5 18. dxe5 Nd5 19. Bxd5 Bxg5 20. Bxb7 Qxb7
21. Ne4 Be7 22. Nd6 Bxd6 23. exd6 Red8 24. Rd4 Rc5 25. Red1 Rd7 26. Rc4 Qc6 27.
Rxc5 Qxc5 28. Qd3 a5 29. g3 g6 30. Kg2 Kg7 31. f4 Qc6+ 32. Kf2 Qc5+ 33. Kf3
Qc6+ 34. Ke3 Qc5+ 35. Ke2 Qh5+ 36. Ke3 Qxh2 37. Qc3+ f6 38. Qc6 Qxg3+ 39. Ke2
Qg4+ 40. Ke3 e5 41. fxe5 fxe5 42. Kd2 Qd4+ 43. Kc2 Qc5+ 44. Qxc5 bxc5 45. Kc3
Kf6 46. Kc4 Ke6 47. Kxc5 a4 48. Kc6 h5 49. Rd5 h4 50. Rxe5+ Kxe5 51. Kxd7 h3
52. Kc7 h2 53. d7 h1=Q 54. d8=Q Qc1+ 55. Kb6 Qxb2+ 56. Ka5 Qc2 57. Qg5+ Kd4 58.
Qf6+ Ke3 59. Qg5+ Kf3 60. Qd5+ Qe4 61. Qd1+ Kf2 62. Qd2+ Kf1 63. Qh6 Ke2 64.
Qc1 Qd5+ 65. Kxa4 g5 66. Qg1 Qd1+ 0-1

[Event "BL 0708 Godesberger SK - SC Eppingen"]
[Site "?"]
[Date "2008.04.19"]
[Round "14.8"]
[White "Grimm, Sascha"]
[Black "Welz, Thomas"]
[Result "1-0"]
[WhiteElo "2341"]
[BlackElo "2235"]
[PlyCount "51"]
[EventDate "2008.??.??"]

1. Nf3 d5 2. g3 Nf6 3. Bg2 e6 4. O-O Be7 5. d3 O-O 6. Nbd2 b6 7. e4 Bb7 8. e5
Nfd7 9. Re1 c5 10. h4 b5 11. Nf1 Nc6 12. N1h2 Qc7 13. Bf4 Rfc8 14. Ng4 Qd8 15.
Ng5 Nf8 16. Qd2 a5 17. h5 a4 18. h6 Ng6 19. hxg7 Nxf4 20. Nh6+ Kxg7 21. Ngxf7
Nxg2 22. Nxd8 Nxd8 23. Kxg2 d4+ 24. f3 Kg6 25. Qf4 Bg5 26. Qg4 1-0

[Event "BL 0708 SC Kreuzberg - SV Wattenscheid"]
[Site "?"]
[Date "2008.04.20"]
[Round "15.1"]
[White "Najer, Evgeniy"]
[Black "Sargissian, Gabriel"]
[Result "0-1"]
[WhiteElo "2635"]
[BlackElo "2673"]
[PlyCount "104"]
[EventDate "2008.??.??"]

1. e4 e5 2. Nf3 Nc6 3. d4 exd4 4. Nxd4 Bb4+ 5. c3 Bc5 6. Be3 Bb6 7. Qg4 Qf6 8.
Qg3 Qg6 9. Bc4 Qxg3 10. hxg3 Nf6 11. f3 O-O 12. g4 d5 13. exd5 Ne5 14. Bb3 Re8
15. Kd2 c5 16. dxc6 bxc6 17. g5 Nfd7 18. Na3 Ba6 19. f4 Ng4 20. Bg1 c5 21. Bd1
cxd4 22. Bxg4 dxc3+ 23. bxc3 Nc5 24. Rd1 Rad8+ 25. Kc2 Rxd1 26. Kxd1 Nd3 27.
Kd2 Nxf4 28. Bxb6 axb6 29. g3 Ne6 30. Rb1 Rd8+ 31. Ke3 Rd3+ 32. Kf2 Rxc3 33.
Bxe6 fxe6 34. Rb3 Rxb3 35. axb3 Kf7 36. b4 b5 37. Nb1 Kg6 38. Nc3 Kxg5 39. Ne4+
Kf5 40. Nd6+ Ke5 41. Ne8 Bc8 42. Nxg7 Kd4 43. Ne8 e5 44. Ke2 Bd7 45. Nf6 Bf5
46. g4 Bd3+ 47. Kd2 e4 48. g5 e3+ 49. Ke1 Kc4 50. Ng4 e2 51. Ne5+ Kc3 52. Nc6
Bc4 0-1

[Event "BL 0708 SC Kreuzberg - SV Wattenscheid"]
[Site "?"]
[Date "2008.04.20"]
[Round "15.2"]
[White "Socko, Bartosz"]
[Black "Rustemov, Alexander"]
[Result "1/2-1/2"]
[WhiteElo "2646"]
[BlackElo "2552"]
[PlyCount "96"]
[EventDate "2008.??.??"]

1. e4 e6 2. d4 d5 3. Nd2 c5 4. Ngf3 Nf6 5. exd5 exd5 6. Bb5+ Bd7 7. Bxd7+ Nbxd7
8. O-O Be7 9. dxc5 Nxc5 10. Nb3 Nce4 11. Nfd4 O-O 12. Nf5 Re8 13. Nxe7+ Qxe7
14. Be3 a5 15. a4 Qb4 16. f3 Nd6 17. Bc5 Qf4 18. g3 Qe5 19. Re1 Qxe1+ 20. Qxe1
Rxe1+ 21. Rxe1 Nc4 22. Bd4 Nd7 23. Nc1 f6 24. Nd3 Kf7 25. b3 Ncb6 26. Nc5 Nxc5
27. Bxc5 Nc8 28. Kf2 Ra6 29. Ba3 Rc6 30. Re2 h5 31. Ke3 Rc3+ 32. Kd4 Rxf3 33.
Kxd5 Rf5+ 34. Kd4 g5 35. Re3 Kg6 36. Rc3 Na7 37. Rc7 Nc6+ 38. Ke3 Ne5 39. Rxb7
Ng4+ 40. Kd4 Nxh2 41. Bf8 h4 42. gxh4 Nf3+ 43. Ke3 Nxh4 44. c4 Re5+ 45. Kf2
Rf5+ 46. Ke2 Re5+ 47. Kf2 Rf5+ 48. Ke2 Re5+ 1/2-1/2

[Event "BL 0708 SC Kreuzberg - SV Wattenscheid"]
[Site "?"]
[Date "2008.04.20"]
[Round "15.4"]
[White "Tischbierek, Raj"]
[Black "Holzke, Frank Dr"]
[Result "1/2-1/2"]
[WhiteElo "2487"]
[BlackElo "2485"]
[PlyCount "30"]
[EventDate "2008.??.??"]

1. e4 e5 2. Bc4 Nf6 3. d3 Bc5 4. Nc3 Nc6 5. f4 exf4 6. Bxf4 d6 7. Nf3 Be6 8.
Bb3 Nd4 9. Nxd4 Bxd4 10. Qd2 Ng4 11. h3 Qh4+ 12. g3 Qh5 13. Qe2 Nf6 14. Qxh5
Nxh5 15. Ne2 Bxb2 1/2-1/2

[Event "BL 0708 SC Kreuzberg - SV Wattenscheid"]
[Site "?"]
[Date "2008.04.20"]
[Round "15.5"]
[White "Handke, Florian"]
[Black "Kalinitschew, Sergey"]
[Result "1-0"]
[WhiteElo "2497"]
[BlackElo "2489"]
[PlyCount "85"]
[EventDate "2008.??.??"]

1. e4 c5 2. Nf3 d6 3. d4 cxd4 4. Nxd4 Nf6 5. Nc3 Bd7 6. f3 e5 7. Nb3 Bc6 8. Be3
Nbd7 9. Qd2 a6 10. g4 Rc8 11. O-O-O Be7 12. Kb1 O-O 13. h4 b5 14. g5 Nh5 15.
Bh3 b4 16. Nd5 Bxd5 17. Qxd5 Qc7 18. Rc1 Ra8 19. c3 bxc3 20. Rxc3 Nc5 21. Nxc5
dxc5 22. Bxc5 Nf4 23. Bxe7 Qxe7 24. Qc5 Qd8 25. Qxe5 Ne2 26. Ra3 Qd2 27. Qa5
Qf4 28. Qe1 Nd4 29. Qe3 Qe5 30. f4 Qc5 31. Rc1 Qb4 32. Rd3 Nb5 33. a3 Qa4 34.
h5 Rab8 35. g6 fxg6 36. Be6+ Kh8 37. hxg6 Rfd8 38. Rh1 h6 39. f5 Nc3+ 40. Rxc3
Rd1+ 41. Rxd1 Qxd1+ 42. Qc1 Qe2 43. Bd5 1-0

[Event "BL 0708 SC Kreuzberg - SV Wattenscheid"]
[Site "?"]
[Date "2008.04.20"]
[Round "15.6"]
[White "Paehtz, Elisabeth"]
[Black "Dinstuhl, Volkmar Dr"]
[Result "1/2-1/2"]
[WhiteElo "2452"]
[BlackElo "2435"]
[PlyCount "35"]
[EventDate "2008.??.??"]

1. e4 e5 2. Nf3 Nc6 3. d4 exd4 4. Nxd4 Nf6 5. Nxc6 bxc6 6. e5 Qe7 7. Qe2 Nd5 8.
Nd2 Nf4 9. Qe3 Ng6 10. Nf3 c5 11. h4 h5 12. Bd2 Qe6 13. Bc3 Bb7 14. Ng5 Qg4 15.
f3 Qg3+ 16. Qf2 Qxf2+ 17. Kxf2 Be7 18. g3 1/2-1/2

[Event "BL 0708 SC Kreuzberg - SV Wattenscheid"]
[Site "?"]
[Date "2008.04.20"]
[Round "15.7"]
[White "Straeter, Timo"]
[Black "Loeffler, Stefan"]
[Result "1/2-1/2"]
[WhiteElo "2325"]
[BlackElo "2409"]
[PlyCount "122"]
[EventDate "2008.??.??"]

1. Nf3 c5 2. c4 g6 3. Nc3 Bg7 4. e3 Nf6 5. d4 O-O 6. dxc5 Na6 7. Be2 Nxc5 8.
O-O b6 9. Nd4 Bb7 10. b3 d5 11. cxd5 Nxd5 12. Nxd5 Qxd5 13. Bf3 Qd7 14. Bxb7
Qxb7 15. b4 e5 16. Nf5 Rfd8 17. Qe2 Nd3 18. Nxg7 Kxg7 19. Bb2 f6 20. a3 Rd7 21.
Rad1 Rad8 22. Rd2 Rd5 23. Rc2 Qd7 24. Ba1 a5 25. bxa5 Rxa5 26. Rc3 Qd6 27. Qf3
Nc5 28. h4 Qd5 29. Qh3 h5 30. f4 Ra4 31. fxe5 fxe5 32. Rc2 Rxa3 33. Qg3 Re8 34.
Qg5 Qe4 35. Rcf2 Ra7 36. Qf6+ Kh6 37. Qxb6 Rea8 38. Qxc5 Rxa1 39. Rxa1 Rxa1+
40. Rf1 Rxf1+ 41. Kxf1 Qf5+ 42. Kg1 Qf6 43. Qc7 g5 44. hxg5+ Kxg5 45. Qc4 Qf5
46. Qg8+ Qg6 47. Qxg6+ Kxg6 48. e4 Kg5 49. g3 Kg4 50. Kg2 h4 51. gxh4 Kxh4 52.
Kf3 Kh3 53. Ke3 Kg3 54. Ke2 Kf4 55. Kf2 Kxe4 56. Ke2 Kd4 57. Kd2 e4 58. Ke2 e3
59. Ke1 Kd3 60. Kd1 e2+ 61. Ke1 Ke3 1/2-1/2

[Event "BL 0708 SK Zehlendorf - Solinger SG"]
[Site "?"]
[Date "2008.04.20"]
[Round "15.2"]
[White "Maksimenko, Andrei"]
[Black "Sandipan, Chanda"]
[Result "1-0"]
[WhiteElo "2505"]
[BlackElo "2593"]
[PlyCount "91"]
[EventDate "2008.??.??"]

1. d4 d5 2. c4 c6 3. Nc3 Nf6 4. Nf3 e6 5. e3 Nbd7 6. Qc2 Bd6 7. Be2 O-O 8. O-O
b6 9. e4 Nxe4 10. Nxe4 dxe4 11. Qxe4 Bb7 12. Rd1 Qe7 13. Bf4 Rfe8 14. Bxd6 Qxd6
15. Ne5 f6 16. c5 Qe7 17. Nxd7 Qxd7 18. Bc4 Kh8 19. Rd3 Rad8 20. Re1 Bc8 21. b4
Qc7 22. Rde3 Qd7 23. Rd3 Qc7 24. Red1 a5 25. cxb6 Qxb6 26. bxa5 Qxa5 27. Qxc6
Re7 28. Qc5 Ra7 29. Qxa5 Rxa5 30. d5 e5 31. d6 Bd7 32. Rd5 Rxd5 33. Bxd5 Ba4
34. Rb1 g6 35. Rb6 f5 36. Ra6 Be8 37. a4 Kg7 38. a5 Rc8 39. h4 Rc1+ 40. Kh2 Rd1
41. Be6 Rd2 42. d7 Bxd7 43. Ra7 Kf6 44. Rxd7 Rxf2 45. Bd5 e4 46. a6 1-0

[Event "BL 0708 SK Zehlendorf - Solinger SG"]
[Site "?"]
[Date "2008.04.20"]
[Round "15.3"]
[White "Naumann, Alexander"]
[Black "Prohaszka, Peter"]
[Result "1-0"]
[WhiteElo "2548"]
[BlackElo "2470"]
[PlyCount "93"]
[EventDate "2008.??.??"]

1. d4 d5 2. c4 c6 3. Nf3 Nf6 4. Nc3 e6 5. Bg5 dxc4 6. e4 b5 7. e5 h6 8. Bh4 g5
9. Nxg5 hxg5 10. Bxg5 Nbd7 11. exf6 Bb7 12. g3 c5 13. d5 Qb6 14. Bg2 O-O-O 15.
O-O b4 16. Rb1 Qa6 17. dxe6 Bxg2 18. e7 Bxf1 19. Kxf1 Qc6 20. exd8=Q+ Kxd8 21.
Nd5 Rxh2 22. Kg1 Rh8 23. Bf4 Kc8 24. Qf3 Kb7 25. Rd1 Nb6 26. Qg2 Bh6 27. Nxb6
Qxg2+ 28. Kxg2 Kxb6 29. Be5 Re8 30. f4 Re6 31. Rh1 Bg5 32. fxg5 Rxe5 33. g6
Re2+ 34. Kh3 fxg6 35. Rf1 Re8 36. Kg4 c3 37. bxc3 bxc3 38. Kg5 Kb5 39. f7 Rd8
40. Kxg6 Kc4 41. f8=Q Rxf8 42. Rxf8 c2 43. Rf1 Kc3 44. Kf5 Kb2 45. g4 c1=Q 46.
Rxc1 Kxc1 47. g5 1-0

[Event "BL 0708 SK Zehlendorf - Solinger SG"]
[Site "?"]
[Date "2008.04.20"]
[Round "15.4"]
[White "Meister, Jakov"]
[Black "Werle, Jan"]
[Result "1/2-1/2"]
[WhiteElo "2491"]
[BlackElo "2568"]
[PlyCount "53"]
[EventDate "2008.??.??"]

1. e4 e6 2. d4 d5 3. Nc3 Bb4 4. e5 c5 5. Bd2 Ne7 6. Nb5 Bxd2+ 7. Qxd2 O-O 8.
dxc5 Nd7 9. Qc3 Nc6 10. Nf3 f6 11. exf6 Qxf6 12. Qxf6 Rxf6 13. c4 Nxc5 14. Rd1
Bd7 15. Be2 dxc4 16. Bxc4 a6 17. Nc3 b5 18. Be2 Be8 19. Ng5 Rg6 20. Nge4 Nxe4
21. Nxe4 Rxg2 22. Ng3 Ne5 23. Rd6 Bc6 24. Rxe6 Nf3+ 25. Kf1 Nd2+ 26. Ke1 Nf3+
27. Kf1 1/2-1/2

[Event "BL 0708 SK Zehlendorf - Solinger SG"]
[Site "?"]
[Date "2008.04.20"]
[Round "15.5"]
[White "Hoffmann, Michael"]
[Black "Werner, Dimo"]
[Result "1/2-1/2"]
[WhiteElo "2471"]
[BlackElo "2346"]
[PlyCount "61"]
[EventDate "2008.??.??"]

1. e4 e6 2. d4 d5 3. Nc3 Nf6 4. Bg5 dxe4 5. Nxe4 Nbd7 6. Nf3 h6 7. Nxf6+ Nxf6
8. Be3 Nd5 9. Bd2 a6 10. Bd3 c5 11. c4 Nf6 12. Bc3 cxd4 13. Nxd4 Bc5 14. Nf3
O-O 15. Qe2 Qe7 16. O-O Rd8 17. a3 a5 18. Rad1 Bd7 19. Ne5 Ba4 20. Bc2 Bxc2 21.
Qxc2 Qc7 22. h3 Rxd1 23. Rxd1 Rd8 24. Rxd8+ Qxd8 25. b4 axb4 26. axb4 Ba7 27.
Qe2 Qc7 28. Ng4 Nd7 29. Ne5 Nf6 30. Ng4 Nd7 31. Ne5 1/2-1/2

[Event "BL 0708 SK Zehlendorf - Solinger SG"]
[Site "?"]
[Date "2008.04.20"]
[Round "15.6"]
[White "Orzech, Dominik"]
[Black "Ragger, Markus"]
[Result "1/2-1/2"]
[WhiteElo "2483"]
[BlackElo "2528"]
[PlyCount "59"]
[EventDate "2008.??.??"]

1. d4 d5 2. Nf3 Nf6 3. c4 e6 4. Nc3 c6 5. cxd5 exd5 6. Bg5 h6 7. Bh4 Bf5 8. Qb3
g5 9. Bg3 Qb6 10. Nd2 Nbd7 11. e3 Nh5 12. Be2 Nxg3 13. hxg3 Bd6 14. Rc1 Nf6 15.
a3 Kf8 16. Na4 Qc7 17. Nc5 Rb8 18. Bd3 Bxd3 19. Qxd3 Kg7 20. Qf5 Qe7 21. O-O b6
22. Nd3 c5 23. Rfe1 Rhe8 24. b3 Ne4 25. dxc5 bxc5 26. Nxe4 Qxe4 27. Qxe4 dxe4
28. Nxc5 Bxc5 29. Rxc5 Rxb3 30. a4 1/2-1/2

[Event "BL 0708 SK Zehlendorf - Solinger SG"]
[Site "?"]
[Date "2008.04.20"]
[Round "15.7"]
[White "Smeets, Jan"]
[Black "Heinig, Wolfram Dr"]
[Result "1-0"]
[WhiteElo "2558"]
[BlackElo "2338"]
[PlyCount "73"]
[EventDate "2008.??.??"]

1. e4 c6 2. d4 d5 3. Nc3 dxe4 4. Nxe4 Bf5 5. Ng3 Bg6 6. h4 h6 7. Nf3 Nd7 8. h5
Bh7 9. Bd3 Bxd3 10. Qxd3 e6 11. Bf4 Qa5+ 12. Bd2 Qc7 13. O-O-O O-O-O 14. Ne4
Ngf6 15. g3 Nxe4 16. Qxe4 Bd6 17. c4 Nf6 18. Qe2 c5 19. Bc3 cxd4 20. Nxd4 a6
21. Kb1 Rd7 22. Rc1 Kb8 23. Rh4 Rc8 24. Nb3 Ka8 25. c5 Bf8 26. c6 Rd5 27. Ra4
Qb6 28. Bd4 Qb5 29. Qxb5 Rxb5 30. cxb7+ Kxb7 31. Na5+ Kb8 32. Ba7+ Kxa7 33.
Rxc8 Bb4 34. Nc4 Kb7 35. Rd8 Kc7 36. Ra8 Kb7 37. R4xa6 1-0

[Event "BL 0708 SK Zehlendorf - Solinger SG"]
[Site "?"]
[Date "2008.04.20"]
[Round "15.8"]
[White "Klimm, Wolf-Dietrich"]
[Black "Ernst, Sipke"]
[Result "0-1"]
[WhiteElo "2286"]
[BlackElo "2539"]
[PlyCount "74"]
[EventDate "2008.??.??"]

1. Nf3 Nf6 2. c4 e6 3. g3 d5 4. d4 dxc4 5. Qa4+ Nbd7 6. Bg2 a6 7. Qxc4 b5 8.
Qc2 Bb7 9. Bg5 c5 10. O-O Rc8 11. dxc5 Bxc5 12. Qd3 Qb6 13. Nc3 Ng4 14. Nd1 h6
15. Bd2 Ndf6 16. b4 Bd6 17. h3 Be4 18. Qd4 Qxd4 19. Nxd4 Ne5 20. a4 Nc4 21. Bc3
e5 22. Bxe4 exd4 23. Bf5 Rb8 24. Be1 O-O 25. e3 g6 26. Bb1 dxe3 27. Nxe3 Nxe3
28. fxe3 Nd5 29. axb5 axb5 30. Ra6 Be5 31. Ba2 Nxe3 32. Rf3 Nc4 33. Bf2 Ra8 34.
Rxa8 Rxa8 35. Bxc4 bxc4 36. Re3 Bb2 37. Be1 Bd4 0-1

[Event "BL 0708 Hamburger SK - SF Katernberg"]
[Site "?"]
[Date "2008.04.20"]
[Round "15.1"]
[White "Glek, Igor V"]
[Black "Gustafsson, Jan"]
[Result "0-1"]
[WhiteElo "2543"]
[BlackElo "2606"]
[PlyCount "84"]
[EventDate "2008.??.??"]

1. e4 e5 2. Nf3 Nc6 3. Bb5 a6 4. Ba4 Nf6 5. d3 b5 6. Bb3 Bc5 7. O-O d6 8. a4
Bg4 9. Be3 Nd4 10. Bxd4 Bxd4 11. c3 Bb6 12. axb5 axb5 13. Rxa8 Qxa8 14. Na3 c6
15. h3 Bxf3 16. Qxf3 O-O 17. Nc2 d5 18. exd5 cxd5 19. Nb4 d4 20. Nd5 Nxd5 21.
Bxd5 Qa5 22. Rc1 dxc3 23. Rxc3 Qa7 24. g3 Kh8 25. Kg2 Qe7 26. Rc6 Bd4 27. b3 g6
28. h4 h5 29. b4 Kg7 30. Rc2 Rd8 31. Ba2 Rd6 32. Qa8 Rf6 33. Bd5 Qxb4 34. Bf3
Qa4 35. Qc8 Qb3 36. Be4 b4 37. Qc4 Qb1 38. Bd5 Qe1 39. Qa2 Qd1 40. Qb3 Qe1 41.
Qa2 Qd1 42. Rd2 b3 0-1

[Event "BL 0708 Hamburger SK - SF Katernberg"]
[Site "?"]
[Date "2008.04.20"]
[Round "15.2"]
[White "Ftacnik, Lubomir Dr"]
[Black "Chuchelov, Vladimir"]
[Result "1-0"]
[WhiteElo "2553"]
[BlackElo "2544"]
[PlyCount "80"]
[EventDate "2008.??.??"]

1. Nf3 Nf6 2. c4 b6 3. g3 c5 4. Bg2 Bb7 5. O-O e6 6. Nc3 Be7 7. d4 cxd4 8. Qxd4
d6 9. Rd1 a6 10. Bg5 Nbd7 11. Qd2 O-O 12. Bf4 Ne8 13. Rac1 Qc7 14. b3 Rd8 15.
Qe3 Ndf6 16. Bh3 Qc5 17. g4 h5 18. g5 Ng4 19. Qxc5 bxc5 20. Bg2 e5 21. Bg3 e4
22. Nd2 Bxg5 23. Bxe4 Bc8 24. f4 Bf6 25. Nf3 Nc7 26. Bc6 Ne6 27. Nd5 Bd4+ 28.
Kh1 g6 29. Bh4 f6 30. h3 Ne3 31. Nxd4 Nxd4 32. Rxd4 cxd4 33. Bxf6 Rxf6 34.
Nxf6+ Kf7 35. Nd5 Bxh3 36. Nxe3 dxe3 37. Rc3 Rc8 38. Bd5+ Kf6 39. Rxe3 Bf5 40.
b4 Rb8 1-0

[Event "BL 0708 Hamburger SK - SF Katernberg"]
[Site "?"]
[Date "2008.04.20"]
[Round "15.3"]
[White "Seel, Christian"]
[Black "Hansen, Sune Berg"]
[Result "1/2-1/2"]
[WhiteElo "2495"]
[BlackElo "2564"]
[PlyCount "23"]
[EventDate "2008.??.??"]

1. Nf3 d5 2. d4 Nf6 3. c4 c6 4. e3 Bg4 5. cxd5 Bxf3 6. Qxf3 cxd5 7. Bd2 Nc6 8.
Nc3 a6 9. Rc1 e6 10. Qd1 Bd6 11. Be2 O-O 12. O-O 1/2-1/2

[Event "BL 0708 Hamburger SK - SF Katernberg"]
[Site "?"]
[Date "2008.04.20"]
[Round "15.4"]
[White "Mueller, Karsten Dr"]
[Black "Siebrecht, Sebastian"]
[Result "1/2-1/2"]
[WhiteElo "2515"]
[BlackElo "2481"]
[PlyCount "36"]
[EventDate "2008.??.??"]

1. e4 c5 2. Nf3 e6 3. d4 cxd4 4. Nxd4 a6 5. Bd3 Bc5 6. Nb3 Be7 7. O-O Nc6 8.
Be3 Nf6 9. Nc3 d6 10. a4 b6 11. f4 O-O 12. Qf3 Qc7 13. g4 g6 14. g5 Nh5 15. Qf2
Bd8 16. Rad1 f6 17. gxf6 Nxf6 18. Qg2 Kh8 1/2-1/2

[Event "BL 0708 Hamburger SK - SF Katernberg"]
[Site "?"]
[Date "2008.04.20"]
[Round "15.5"]
[White "Ris, Robert"]
[Black "Heinemann, Thies"]
[Result "1/2-1/2"]
[WhiteElo "2381"]
[BlackElo "2478"]
[PlyCount "25"]
[EventDate "2008.??.??"]

1. e4 c5 2. Nf3 d6 3. d4 cxd4 4. Nxd4 Nf6 5. Nc3 a6 6. Be3 e5 7. Nf3 Be7 8. Bc4
Be6 9. Bb3 Qc8 10. O-O O-O 11. Qe2 Nbd7 12. Rfd1 b5 13. Bg5 1/2-1/2

[Event "BL 0708 Hamburger SK - SF Katernberg"]
[Site "?"]
[Date "2008.04.20"]
[Round "15.6"]
[White "Beikert, Guenther Dr"]
[Black "Souleidis, Georgios"]
[Result "1-0"]
[WhiteElo "2449"]
[BlackElo "2421"]
[PlyCount "109"]
[EventDate "2008.??.??"]

1. d4 Nf6 2. Nf3 g6 3. Nc3 d5 4. Bf4 Bg7 5. e3 O-O 6. Be2 c5 7. Ne5 cxd4 8.
exd4 Nc6 9. Qd2 Be6 10. O-O-O Qa5 11. h4 Rac8 12. a3 Rfd8 13. h5 Nxe5 14. Bxe5
Rc6 15. hxg6 hxg6 16. Bxf6 Bxf6 17. Kb1 Bg7 18. g4 Rdc8 19. Rh3 a6 20. f4 f5
21. g5 b5 22. Na2 Qb6 23. Nb4 R6c7 24. c3 a5 25. Nd3 Bf7 26. Rdh1 b4 27. axb4
axb4 28. Nxb4 e6 29. Bd1 Kf8 30. Bb3 Rb8 31. Rd1 Qa5 32. Qe3 Qb6 33. Rh2 Qd6
34. Ba2 Qb6 35. Rc2 Qa5 36. Bb3 Kg8 37. Rh2 Kf8 38. Qd3 Rb6 39. Qe3 Qa8 40.
Rdh1 Qd8 41. Ba2 Qd6 42. Rc1 Rcb7 43. Nd3 Qa3 44. Ka1 Qd6 45. Nc5 Ra7 46. Kb1
Be8 47. Rch1 Kg8 48. Nxe6 Re7 49. Nxg7 Rxe3 50. Nxe8 Rxb2+ 51. Kxb2 Qb6+ 52.
Bb3 Kf7 53. Nc7 Qa5 54. Rh7+ Kf8 55. Rh8+ 1-0